Normal view
MARC view
Entry Personal Name
001 - CONTROL NUMBER
- control field: 6422
003 - CONTROL NUMBER IDENTIFIER
- control field: ARRUPE
005 - DATE AND TIME OF LATEST TRANSACTION
- control field: 20131220162333.0
008 - FIXED-LENGTH DATA ELEMENTS
- fixed length control field: 131220|| aca||aabn | a|a d
040 ## - CATALOGING SOURCE
- Original cataloging agency: ARRUPE
- Transcribing agency: ARRUPE
100 ## - HEADING--PERSONAL NAME
- Personal name: Godwin, Peter,
- Dates associated with a name: 1957-
- General subdivision: Travel
- Geographic subdivision: Africa, Southern.
670 ## - SOURCE DATA FOUND
- Source citation: Work cat.: (ARRUPE)0: Godwin, Peter, 1957- 6419, When a crocodile eats the sun :, 2006.